000 00332nam a2200145Ia 4500
008 150201s2013 xx 000 0 und d
082 _a618.1
_bG13D
100 _aDUTTA, DC
245 _aTB. OF GYNAECOLOGY
250 _a6TH
260 _bNCB.PUB.
_aDELHI
_c2013
300 _a656
650 _aOBST. & GYNEA.
942 _2ddc
_cBK
_029
999 _c2457
_d2457